Police leadership & man management (Record no. 516187)

000 -LEADER
fixed length control field 00316nam a2200109 4500
082 ## - DEWEY DECIMAL CLASSIFICATION NUMBER
Classification number TNC N400x54 G346
100 ## - MAIN ENTRY--PERSONAL NAME
Personal name Ghosh, S.K.
9 (RLIN) 22622
245 ## - TITLE STATEMENT
Title Police leadership & man management
260 ## - PUBLICATION, DISTRIBUTION, ETC. (IMPRINT)
Place of publication, distribution, etc Calcutta
Name of publisher, distributor, etc Satchidananda Prakashani
Date of publication, distribution, etc 1977
300 ## - PHYSICAL DESCRIPTION
Extent 106p.
650 ## - SUBJECT ADDED ENTRY--TOPICAL TERM
Topical term or geographic name as entry element Police - Administration - India
9 (RLIN) 22623
Holdings
Withdrawn status Lost status Source of classification or shelving scheme Damaged status Koha normalized classification for sorting Not for loan Permanent location Current location Date acquired Full call number Barcode Date last seen Price effective from Koha item type
        TNC_N400X54_G346   Indian Institute of Public Administration Indian Institute of Public Administration 2021-02-18 TNC N400x54 G346 GR23007 2021-02-18 2021-02-18 GR

Powered by Koha